000
00412 a2200133 4500
000
nam a22 7a 4500
100
_a
पवार, गो.मा.
110
_a
पवार, गो.मा.
245
_a
महर्षि विट्ठल रामजी शिंदे
250
_a
Latest edition
260
_b
Radhakrishna Prakashan
_c
2022
264
_b
Radhakrishna Prakashan
_c
2022
942
_c
BK
999
_c
394018
_d
394018